000 00651nam a2200205Ia 4500
003 OSt
005 20241130150220.0
008 210329s9999||||xx |||||||||||||| ||und||
040 _cSTCPL
041 _aHIN
082 _aH8
_bGEO-V
100 _aGeorgekutty Vattoth, V V
_qवी वी जोर्जकुट्टी वट्टोत्त
245 0 _aVaigyanik paheliyam /
_cby V V Georgekutty Vattoth
_hवैजनिक पहेलियां
260 _aPala :
_bSincere Publications & Book House ,
_c2005 .
300 _a222 p.
_bHB
650 _aHindi literature
650 _aScientific puzzles
942 _cBK
942 _2ddc
999 _c54722
_d54722